Debate en torno al aborto : veinte preguntas para debatir sin crispación sobre el aborto /

Bibliographic Details
Main Author: Forcano, Benjamín, 1935- (Author)
Format: Electronic eBook
Language:Spanish
Published: Bilbao : Desclée De Brouwer, 2014.
Edition:2a edición.
Series:Colección a los cuatro vientos.
Subjects:
Online Access:Digitalia Hispánica

MARC

LEADER 00000nam a2200000 i 4500
001 DIGDESCL0116
003 NyNyDIG
006 m o d
007 cr |||||||||||
008 231119s2014 sp ob 000 0 spa d
035 |a (OCoLC)1410557093 
040 |a DGITA  |b eng  |e rda  |e pn  |c DGITA 
020 |a 9788433037053  |q eBook 
020 |z 9788433026972 
050 1 4 |a HQ767.15 ebook 
245 0 0 |a Debate en torno al aborto :  |b veinte preguntas para debatir sin crispación sobre el aborto /  |c Benjamín Forcano [and 4 others]. 
250 |a 2a edición. 
264 1 |a Bilbao :  |b Desclée De Brouwer,  |c 2014. 
300 |a 1 online resource. 
336 |a text  |b txt  |2 rdacontent 
337 |a computer file  |b c  |2 rdamedia 
338 |a online resource  |b cr  |2 rdacarrier 
347 |a text file  |2 rdaft 
347 |b EPUB 
504 |a Includes bibliographical references. 
588 0 |a Online resource; title from ePub title page (Digitalia, viewed November 19, 2023) 
650 0 |a Abortion  |x Moral and ethical aspects. 
650 0 |a Abortion  |x Psychological aspects. 
700 1 |a Forcano, Benjamín,  |d 1935-  |e author. 
776 0 8 |i Print version:  |t Debate en torno al aborto.  |d Bilbao : Desclée De Brouwer, [2014]  |z 9788433026972 
791 2 |a Digitalia (Firm),  |e distributor. 
793 0 |g Digitalia eBook Collection:  |a Editorial Desclée De Brouwer 
830 0 |a Colección a los cuatro vientos. 
856 4 0 |3 Digitalia Hispánica  |u https://www.digitaliapublishing.com/a/84183/ 
910 |a Premium collection: 2023